Síla citové vazby jak vytvářet hluboké a trvalé intimní vztahy

Na minha lista:
Detalhes bibliográficos
Autor principal: Poole Hellerová, Diane
Formato: Livro
Idioma:tcheco
Publicado em: Praha MAITREA 2024
Edição:1. vydání
Assuntos:
Tags: Adicionar Tag
Sem tags, seja o primeiro a adicionar uma tag!

MARC

LEADER 00000nam a2200000 4500
001 0304730
005 20241211103123.5
020 |a 978-80-7500-688-2 
041 0 |a cze 
044 |a CZ 
245 1 0 |a Síla citové vazby  |b jak vytvářet hluboké a trvalé intimní vztahy  |c Diane Poole Hellerová 
250 |a 1. vydání 
264 1 |a Praha  |b MAITREA  |c 2024 
300 |a 267 s. 
610 2 0 |a psychológia 
610 2 0 |a vzťahy medziľudské 
610 2 0 |a emócie 
610 2 0 |a empatia 
610 2 0 |a citlivosť 
100 1 |a Poole Hellerová, Diane